• 首页
  • 本馆介绍
  • 公告通知
  • 最新文献
  • 馆藏检索
  • 电子资源
  • 读者导购
  • 参考咨询
  • 我的图书馆
  • 登录
  • 详细信息显示
  • 放入我的书架
  • 预约/预借图书
  • 作者相关作品
  • 分类相关作品
  • 丛书相关作品
  • 出版社相关作品

书目信息

  • 表格格式
  • 工作单格式
  • 卡片格式
题名:
奔驰车系电路图集
    
 
作者: 冯乐 编著
分册:  
出版信息: 北京   电子工业出版社  2015.01
页数: 133页
开本: 26cm
丛书名:
单 册:
中图分类: U463.62-64
科图分类:
主题词: 汽车工程
电子资源:
ISBN: 978-7-121-24220-5
000 00561nam0 2200193 450
001 418
005 20160906091459.67
010    @a978-7-121-24220-5@dCNY59.00
100    @a20160722d2015 km y0chiy0120 ea
101 0  @achi
102    @aCN@b110000
200 1  @a奔驰车系电路图集@Aben chi che xi dian lu tu ji@f冯乐编著@Ffeng yue bian zhu
210    @a北京@c电子工业出版社@d2015.01
215    @a133页@d26cm
606 0  @a汽车工程
690    @aU463.62-64@v4
701  0 @a冯乐@Afeng yue@4编著
801  0 @aCN@b唐山师范学院图书馆@c20160722
905    @aZUCC@dU463.62-64@e283
    
    奔驰车系电路图集/冯乐编著.-北京:电子工业出版社,2015.01
    133页;26cm
    
    
    ISBN 978-7-121-24220-5:CNY59.00
    
●
相关链接 在E读中查询图书 在五车中查询图书 在当当中查询图书 在豆瓣中查询图书


正题名:奔驰车系电路图集     索取号:U463.62-64/283         预约/预借

序号 登录号 条形码 馆藏地/架位号 状态 备注
1 901791   209017918   第二样本阅览室/ [索取号:U463.62-64/283] 在馆    
2 901792   209017927   第三借阅区/ [索取号:U463.62-64/283] 在馆    
3 901793   209017936   第三借阅区/ [索取号:U463.62-64/283] 在馆    
4 901794   209017945   密集书库-物理学院/ [索取号:U463.62-64/283] 在馆    
5 901795   209017954   第三借阅区/ [索取号:U463.62-64/283] 在馆    
唐山师范学院图书馆 欢迎您!
大连网信软件有限公司© 版权所有